| 000 | 00344nam a2200109Ia 4500 | ||
|---|---|---|---|
| 005 | 20251222154349.0 | ||
| 008 | 251222s9999||||xx |||||||||||||| ||spa|| | ||
| 082 | _a362.485/A32 | ||
| 100 | _a"Aguirre Alvis, José LuisRoca Terán, Roxana" | ||
| 245 | 0 | _aGuÍa periodàstica de comunicación y discapacidad: Desde un enfoque inclusivo | |
| 942 | _cLIB | ||
| 999 |
_c34847 _d34847 |
||